Le Nord ou le Sud de la France ? - Statistiques

Statistiques générales
  • Ce quiz a été pris 2 365 fois
  • Le résultat moyen est 14 sur 18
Statistiques - réponses
Hint Réponse % Correct
Aussi appelé le Midi Sud
96%
On y trouve beaucoup de cigales Sud
96%
On y trouve les corons selon Pierre Bachelet Nord
92%
On peut emprunter l'autoroute A7 pour s'y rendre Sud
89%
Occupe en partie l'ancien comté de Flandre Nord
85%
À été le lieu de signature de l'armistice de 1914, puis de 1940 Nord
83%
La pissaladière en est une spécialité culinaire Sud
82%
On y croise des Gascons Sud
81%
Est frontalier de deux micro-États Sud
80%
L'Artois en est une province historique Nord
78%
Abrite la capitale du nougat Sud
76%
Si vous êtes une andouille, on vous traitera de "babache" Nord
75%
La soupe au pistou en est une spécialité culinaire Sud
75%
On peut s'y baigner sur la Côte d'Opale Nord
73%
Réplique de Michel Galabru : "C'est le ___" Nord
70%
On y trouve Fourmies Nord
68%
Est le plus proche de la latitude de Montréal Sud
34%
Les Alliés y ont débarqué le 15 août 1944 Sud
29%
Aucun quiz correspondant
Distribution des résultats
% des personnes avec chaque résultat
Percentile par nombre de réponses
Votre historique - résultats
Vous n’avez pas pris ce quiz